[Event "Staufer op 33rd"]
[Site "Schwaebisch Gmuend"]
[Date "2023.01.03"]
[Round "3"]
[White "Becker, Matthias1111"]
[Black "Irkilmez, Yakub"]
[Result "1-0"]
[WhiteElo "2325"]
[BlackElo "2136"]
[PlyCount "99"]
[EventDate "2023.01.02"]
[EventType "swiss"]
[EventRounds "9"]
[EventCountry "GER"]
[SourceTitle "CBM 212 Extra"]
[Source "ChessBase"]
[SourceDate "2023.03.31"]
[SourceVersion "1"]
[SourceVersionDate "2023.03.31"]
[SourceQuality "1"]

1. e4 e6 2. d4 d5 3. Nc3 Nf6 4. Bg5 dxe4 5. Nxe4 Be7 6. Bxf6 gxf6 7. Qd3 a6 8. 0-0-0 b5 9. Be2 f5 10. Ng3 Bb7 11. Bf3 Bd5 12. N1e2 Nc6 13. Bxd5 Nb4 14. Bc6+ Nxc6 15. d5 Nb4 16. Qf3 Nxd5 17. Nxf5 Bf8 18. Rhe1 Qg5+ 19. Kb1 0-0-0 20. Ne3 Bb4 21. c3 Bc5 22. Nxd5 exd5 23. Nd4 Bxd4 24. Rxd4 Rd7 25. g3 Rhd8 26. Rf4 Kb8 27. Rf6 Rd6 28. Rxd6 Rxd6 29. Qxf7 Qd2 30. Qe8+ Kb7 31. Qe3 Qxe3 32. Rxe3 Rh6 33. h4 Rf6 34. f4 Kc6 35. Kc2 a5 36. Kd3 Kd6 37. Ke2 c5 38. Re5 c4 39. Ke3 Kc5 40. g4 b4 41. f5 bxc3 42. bxc3 Rh6 43. Kf4 Rxh4 44. f6 Rh1 45. Rf5 Rf1+ 46. Kg5 Rxf5+ 47. gxf5 Kd6 48. Kh6 d4 49. f7 Ke7 50. Kg7 1-0

[Event "GER-chT U20"]
[Site "Kiel"]
[Date "2022.07.23"]
[Round "1.4"]
[White "Elier, Ali"]
[Black "Irkilmez, Yakub"]
[Result "0-1"]
[WhiteElo "2144"]
[BlackElo "2119"]
[PlyCount "44"]
[EventDate "2022.07.22"]
[EventType "team-swiss"]
[EventRounds "7"]
[EventCountry "GER"]
[SourceTitle "CBM 209 Extra"]
[Source "ChessBase"]
[SourceDate "2022.09.30"]
[SourceVersion "1"]
[SourceVersionDate "2022.09.30"]
[SourceQuality "1"]
[WhiteTeam "Brackel"]
[BlackTeam "Essen Katernberg"]
[WhiteTeamCountry "GER"]
[BlackTeamCountry "GER"]

1. e4 e6 2. d4 d5 3. Nd2 c5 4. exd5 Qxd5 5. Ngf3 cxd4 6. Bc4 Qd7 7. 0-0 Nc6 8. Nb3 a6 9. Nbxd4 Nxd4 10. Nxd4 Qc7 11. Bb3 Bd6 12. Re1 Ne7 13. h3 0-0 14. c3 Ng6 15. Be3 b6 16. Qh5 Bb7 17. Rad1 Rad8 18. Bg5 Qc5 19. Nxe6 fxe6 20. Bxe6+ Kh8 21. Rd4 Rde8 22. Qxg6 Qxd4 0-1

[Event "GER-ch Youth-A"]
[Site "Willingen"]
[Date "2022.06.07"]
[Round "4"]
[White "Irkilmez, Yakub"]
[Black "Metzinger, Hannes"]
[Result "1/2-1/2"]
[WhiteElo "2169"]
[BlackElo "1845"]
[PlyCount "82"]
[EventDate "2022.06.04"]
[EventType "swiss"]
[EventRounds "9"]
[EventCountry "GER"]
[SourceTitle "CBM 208 Extra"]
[Source "ChessBase"]
[SourceDate "2022.07.31"]
[SourceVersion "1"]
[SourceVersionDate "2022.07.31"]
[SourceQuality "1"]

1. Nf3 Nf6 2. g3 d5 3. Bg2 b5 4. 0-0 e6 5. d3 Bb7 6. Nbd2 Be7 7. c4 dxc4 8. dxc4 b4 9. a3 0-0 10. axb4 Bxb4 11. Qc2 Nbd7 12. Rd1 Qe7 13. Nd4 Bxg2 14. Kxg2 Ng4 15. Ne4 Nde5 16. h3 c5 17. hxg4 cxd4 18. Rxd4 Nxg4 19. Ng5 Nf6 20. Rf4 Rfd8 21. Be3 h6 22. Nf3 Bc5 23. Bxc5 Qxc5 24. Qc3 Rab8 25. Rxf6 gxf6 26. Qxf6 Qf8 27. Rxa7 Qg7 28. Qxg7+ Kxg7 29. Ne5 Rxb2 30. Rxf7+ Kg8 31. e3 Rf8 32. Rxf8+ Kxf8 33. c5 Rc2 34. Kf3 Ke7 35. c6 h5 36. Ng6+ Kf6 37. Nf4 h4 38. gxh4 Rxc6 39. Kg3 e5 40. Nd5+ Ke6 41. e4 Rc1 1/2-1/2

[Event "GER-ch Youth-A"]
[Site "Willingen"]
[Date "2022.06.05"]
[Round "2"]
[White "Irkilmez, Yakub"]
[Black "Kruse, Victor"]
[Result "1-0"]
[WhiteElo "2169"]
[BlackElo "1733"]
[PlyCount "69"]
[EventDate "2022.06.04"]
[EventType "swiss"]
[EventRounds "9"]
[EventCountry "GER"]
[SourceTitle "CBM 208 Extra"]
[Source "ChessBase"]
[SourceDate "2022.07.31"]
[SourceVersion "1"]
[SourceVersionDate "2022.07.31"]
[SourceQuality "1"]

1. d4 d5 2. Nf3 Nf6 3. g3 e6 4. Bg2 Be7 5. c4 0-0 6. 0-0 c6 7. Nc3 b6 8. b3 Ba6 9. cxd5 cxd5 10. Bb2 Nc6 11. Rc1 Rc8 12. Re1 Bb4 13. a3 Bxc3 14. Rxc3 Ne4 15. Rc2 Na5 16. Ne5 Nd6 17. a4 Rxc2 18. Qxc2 Qc8 19. Qb1 b5 20. Ba3 Rd8 21. Rc1 Qb7 22. Bb4 Qb6 23. Bxa5 Qxa5 24. Nc6 Qb6 25. a5 Qc7 26. Nxd8 Qxd8 27. Qa1 Qb8 28. Qc3 b4 29. Qc5 Bxe2 30. Qc7 Qxc7 31. Rxc7 Kf8 32. Rxa7 Ke8 33. Bf1 Bd1 34. a6 Bxb3 35. Rb7 1-0

[Event "GER-ch Net Amateur Gr-A Final"]
[Site "Playchess.com INT"]
[Date "2020.04.18"]
[Round "13"]
[White "Irkilmez, Yakub"]
[Black "Jahnz, Fabian"]
[Result "1-0"]
[WhiteElo "2297"]
[BlackElo "2053"]
[PlyCount "48"]
[EventDate "2020.04.18"]
[EventType "swiss (blitz)"]
[EventRounds "13"]
[EventCountry "GER"]
[SourceTitle "CBM 195 Extra"]
[Source "ChessBase"]
[SourceDate "2020.05.31"]
[SourceVersion "1"]
[SourceVersionDate "2020.05.31"]
[SourceQuality "1"]

1. d4 d5 2. Bf4 Nf6 3. e3 c5 4. c3 Nc6 5. Nf3 Qb6 6. Qc2 g6 7. Nbd2 Bf5 8. dxc5 Qxc5 9. Qb3 Na5 10. Qb5+ Qxb5 11. Bxb5+ Bd7 12. a4 a6 13. Be2 Bg7 14. 0-0 0-0 15. Rfd1 Rfc8 16. Be5 Nc6 17. Bxf6 Bxf6 18. Nc4 dxc4 19. Rxd7 Na5 20. Nd2 b5 21. axb5 axb5 22. Bf3 Rd8 23. Rxa5 Rxd7 24. Rxa8+ Kg7 1-0

[Event "GER-ch Net Amateur Gr-A Final"]
[Site "Playchess.com INT"]
[Date "2020.04.18"]
[Round "7"]
[White "Schneider, Bernd"]
[Black "Irkilmez, Yakub"]
[Result "0-1"]
[WhiteElo "2516"]
[BlackElo "2217"]
[PlyCount "182"]
[EventDate "2020.04.18"]
[EventType "swiss (blitz)"]
[EventRounds "13"]
[EventCountry "GER"]
[SourceTitle "CBM 195 Extra"]
[Source "ChessBase"]
[SourceDate "2020.05.31"]
[SourceVersion "1"]
[SourceVersionDate "2020.05.31"]
[SourceQuality "1"]

1. c4 Nf6 2. Nc3 d5 3. cxd5 Nxd5 4. g3 e5 5. Bg2 Nf6 6. Nf3 Nc6 7. 0-0 Be7 8. d3 0-0 9. Be3 Bg4 10. Rc1 Re8 11. a3 Qd7 12. b4 a6 13. Na4 Rad8 14. Nc5 Bxc5 15. Rxc5 e4 16. Ne1 exd3 17. Nxd3 Nd4 18. Bxd4 Qxd4 19. Re1 c6 20. Rc2 h6 21. Qc1 Bxe2 22. Nf4 Bg4 23. h3 Bf5 24. Rxe8+ Rxe8 25. Rd2 Qe5 26. Kh2 Be4 27. Re2 Qd6 28. Qe1 g5 29. Nh5 Nxh5 30. Bxe4 Nf6 31. Bf3 Rxe2 32. Qxe2 Qd4 33. Kg2 Kf8 34. Qc2 Ke7 35. Qf5 Nd7 36. Qh7 Qf6 37. Qe4+ Qe6 38. Qd4 Kd8 39. Qh8+ Kc7 40. Qh7 Ne5 41. Be4 Kb6 42. Qh8 Qd6 43. a4 f5 44. Bf3 Nxf3 45. Kxf3 Qd5+ 46. Ke3 Qb3+ 47. Ke2 Qxb4 48. Qxh6 Qe4+ 49. Kf1 g4 50. h4 Ka5 51. Qg7 b5 52. Qc7+ Kxa4 53. Qb6 a5 54. Kg1 b4 55. h5 b3 56. h6 Qe1+ 57. Kg2 Qc3 58. h7 b2 59. Qb8 Qd4 60. Qb7 Qe4+ 61. Kh2 b1Q 62. Qxb1 Qxb1 63. h8Q Qe4 64. Qb2 c5 65. Qc3 c4 66. Kg1 Kb5 67. Qb2+ Kc5 68. Qa3+ Kb5 69. Qb2+ Kc6 70. Qf6+ Kc5 71. Qf8+ Kd4 72. Qa3 Qe1+ 73. Kg2 Qb4 74. Qc1 Kd5 75. Qf4 Ke6 76. Qe3+ Kd7 77. Qe5 Qb7+ 78. Kg1 Qb1+ 79. Kh2 Qe4 80. Qxa5 Qf3 81. Qb5+ Ke7 82. Qc5+ Kf6 83. Qf8+ Ke6 84. Qe8+ Kd5 85. Qd7+ Ke4 86. Kg1 c3 87. Qc6+ Kd3 88. Qb5+ Kd2 89. Qd7+ Qd3 90. Qa4 c2 91. Qf4+ Kd1 0-1

[Event "GER-ch Net blitz qual5"]
[Site "Playchess.com INT"]
[Date "2020.03.28"]
[Round "5"]
[White "Irkilmez, Yakub"]
[Black "Baltic, Fatih"]
[Result "0-1"]
[WhiteElo "2167"]
[BlackElo "2262"]
[PlyCount "70"]
[EventDate "2020.03.28"]
[EventType "swiss (blitz)"]
[EventRounds "13"]
[EventCountry "GER"]
[SourceTitle "CBM 195 Extra"]
[Source "ChessBase"]
[SourceDate "2020.05.31"]
[SourceVersion "1"]
[SourceVersionDate "2020.05.31"]
[SourceQuality "1"]

1. d4 Nf6 2. Bf4 d5 3. e3 c5 4. Nf3 Nc6 5. c3 Qb6 6. Qc2 g6 7. Nbd2 Bf5 8. dxc5 Qxc5 9. Qb3 Qb6 10. h3 Bg7 11. Be2 0-0 12. 0-0 Qxb3 13. axb3 Nd7 14. Bh2 Nc5 15. b4 Bd3 16. Bxd3 Nxd3 17. Rab1 a6 18. Rfd1 e5 19. e4 Rfd8 20. exd5 Rxd5 21. Nc4 Rad8 22. Ne3 R5d7 23. Bg3 h6 24. Nd2 f5 25. Nec4 b5 26. Na5 Nxa5 27. bxa5 Nc5 28. Bh4 g5 29. Bxg5 hxg5 30. Ne4 Rxd1+ 31. Kh2 Rxb1 32. Nf6+ Bxf6 33. h4 gxh4 34. f4 Rdd1 35. c4 Rh1# 0-1

[Event "GER-ch Net blitz qual5"]
[Site "Playchess.com INT"]
[Date "2020.03.28"]
[Round "8"]
[White "Irkilmez, Yakub"]
[Black "Hagner, Bennet"]
[Result "1/2-1/2"]
[WhiteElo "2167"]
[BlackElo "2034"]
[PlyCount "163"]
[EventDate "2020.03.28"]
[EventType "swiss (blitz)"]
[EventRounds "13"]
[EventCountry "GER"]
[SourceTitle "CBM 195 Extra"]
[Source "ChessBase"]
[SourceDate "2020.05.31"]
[SourceVersion "1"]
[SourceVersionDate "2020.05.31"]
[SourceQuality "1"]

1. d4 d5 2. Bf4 Nf6 3. e3 c5 4. c3 e6 5. Nf3 Bd6 6. Bg3 Qc7 7. Nbd2 Nbd7 8. Bb5 0-0 9. 0-0 a6 10. Bd3 Bxg3 11. fxg3 e5 12. e4 cxd4 13. cxd4 exd4 14. Qe2 Ne5 15. exd5 Nxd3 16. Qxd3 Nxd5 17. Qxd4 Qb6 18. Qxb6 Nxb6 19. Rac1 Be6 20. Rc7 Rab8 21. a3 Rfc8 22. Rfc1 Nd5 23. R7c5 Rxc5 24. Rxc5 Rc8 25. Ne4 Rxc5 26. Nxc5 Bc8 27. Kf2 Kf8 28. Ke2 Ke7 29. Kd3 f5 30. Kd4 Kd6 31. Ne5 b6 32. Ncd3 Be6 33. Nf4 Bg8 34. Nc4+ Kc6 35. Ne5+ Kd6 36. h4 b5 37. h5 a5 38. Ned3 b4 39. axb4 axb4 40. h6 g5 41. Nh3 g4 42. Nhf4 Nf6 43. Nxb4 Bf7 44. Nbd3 Ng8 45. Ne5 Nxh6 46. b4 Be8 47. Nc4+ Kc6 48. Ke5 Bd7 49. Kf6 Ng8+ 50. Kg7 Ne7 51. Kxh7 Kb5 52. Ne5 Bc8 53. Ned3 Bb7 54. Kg7 Nd5 55. Kg6 Ne3 56. Nc5 Be4 57. Nxe4 fxe4 58. Kf6 Kxb4 59. Ke5 Nf1 60. Kxe4 Nxg3+ 61. Ke3 Kc4 62. Ng6 Nf5+ 63. Kf4 Nh6 64. Kg5 Nf7+ 65. Kxg4 Kd5 66. Nf4+ Ke5 67. Ne2 Kf6 68. Kf4 Ne5 69. Nd4 Nd3+ 70. Ke3 Ne5 71. g3 Nd7 72. Ne2 Kg5 73. Kf3 Ne5+ 74. Kg2 Kg4 75. Nc3 Nc4 76. Nd1 Nd6 77. Nf2+ Kg5 78. Kf3 Nf5 79. Ne4+ Kg6 80. g4 Nh6 81. Kf4 Nxg4 82. Kxg4 1/2-1/2

[Event "GER-ch Net blitz qual5"]
[Site "Playchess.com INT"]
[Date "2020.03.28"]
[Round "10"]
[White "Irkilmez, Yakub"]
[Black "Namyslo, Holger"]
[Result "0-1"]
[WhiteElo "2167"]
[BlackElo "2290"]
[PlyCount "142"]
[EventDate "2020.03.28"]
[EventType "swiss (blitz)"]
[EventRounds "13"]
[EventCountry "GER"]
[SourceTitle "CBM 195 Extra"]
[Source "ChessBase"]
[SourceDate "2020.05.31"]
[SourceVersion "1"]
[SourceVersionDate "2020.05.31"]
[SourceQuality "1"]

1. d4 d5 2. Bf4 c5 3. e3 Nc6 4. c3 Qb6 5. Qb3 c4 6. Qc2 Bf5 7. Qxf5 Qxb2 8. Qxd5 Qxa1 9. Qb5 a6 10. Qxb7 Nd8 11. Qb6 Nf6 12. Bxc4 Nd7 13. Qb3 e5 14. Ne2 exf4 15. 0-0 Rb8 16. Qa4 Rxb1 17. Nxf4 Rxf1+ 18. Bxf1 Qxc3 19. Nd5 Qc6 20. Qa5 Bd6 21. Bxa6 0-0 22. g3 Nb7 23. Bxb7 Qxb7 24. Nc3 Ra8 25. Qf5 Bb4 26. Nd5 Rxa2 27. e4 Bf8 28. h4 Rd2 29. h5 Rxd4 30. h6 Rxd5 31. exd5 Nf6 32. hxg7 Bxg7 33. d6 Qd7 34. Qc5 Ne8 35. Qb6 Qxd6 36. Qb5 Nf6 37. Kh2 h6 38. Qa5 Qd5 39. Qc7 Qf3 40. Qc8+ Kh7 41. Qc2+ Kh8 42. Qc8+ Ng8 43. Qc2 Bd4 44. Kh3 Qxf2 45. Qe4 Qf6 46. Qa8 Be5 47. Qa4 Qg5 48. Qb3 Qxg3+ 49. Qxg3 Bxg3 50. Kxg3 Kg7 51. Kf4 Kg6 52. Kg4 Nf6+ 53. Kh4 h5 54. Kg3 Kg5 55. Kh3 Ne4 56. Kg2 f5 57. Kh3 f4 58. Kg2 Kg4 59. Kh2 f3 60. Kg1 f2+ 61. Kg2 h4 62. Kf1 Kg3 63. Ke2 Kg2 64. Ke3 f1Q 65. Kxe4 Qf3+ 66. Ke5 h3 67. Kd6 h2 68. Kc7 h1Q 69. Kb6 Qc1 70. Ka7 Qb3 71. Ka8 Qa1# 0-1

[Event "GER-ch Net blitz qual5"]
[Site "Playchess.com INT"]
[Date "2020.03.28"]
[Round "6"]
[White "Irkilmez, Yakub"]
[Black "Seul, Georg"]
[Result "0-1"]
[WhiteElo "2167"]
[BlackElo "2372"]
[PlyCount "60"]
[EventDate "2020.03.28"]
[EventType "swiss (blitz)"]
[EventRounds "13"]
[EventCountry "GER"]
[SourceTitle "CBM 195 Extra"]
[Source "ChessBase"]
[SourceDate "2020.05.31"]
[SourceVersion "1"]
[SourceVersionDate "2020.05.31"]
[SourceQuality "1"]

1. d4 f5 2. Bg5 g6 3. h4 Bg7 4. Nc3 d6 5. Nf3 h6 6. Bd2 Nf6 7. e3 e6 8. Bd3 Nc6 9. Qe2 Nb4 10. Kd1 Nxd3 11. Qxd3 0-0 12. Ke2 b6 13. Rag1 a5 14. Nb1 Ba6 15. c4 c5 16. Kd1 Rc8 17. b3 Qe7 18. Nc3 cxd4 19. exd4 Bb7 20. Kc1 e5 21. dxe5 dxe5 22. Qe2 e4 23. Ne1 Rfd8 24. Nc2 a4 25. f3 axb3 26. axb3 Qd7 27. g4 exf3 28. Qf2 Nxg4 29. Rxg4 fxg4 30. Nb5 Qd3 0-1

[Event "GER-ch Net blitz qual4"]
[Site "Playchess.com INT"]
[Date "2020.03.23"]
[Round "4"]
[White "Braun, Christian1111"]
[Black "Irkilmez, Yakub"]
[Result "1-0"]
[WhiteElo "2407"]
[BlackElo "2167"]
[PlyCount "99"]
[EventDate "2020.03.23"]
[EventType "swiss (blitz)"]
[EventRounds "9"]
[EventCountry "GER"]
[SourceTitle "CBM 195 Extra"]
[Source "ChessBase"]
[SourceDate "2020.05.31"]
[SourceVersion "1"]
[SourceVersionDate "2020.05.31"]
[SourceQuality "1"]

1. e4 e6 2. d3 d5 3. Nd2 Nf6 4. Ngf3 g6 5. g3 Bg7 6. Bg2 0-0 7. 0-0 c5 8. Re1 Nc6 9. exd5 exd5 10. Nb3 b6 11. d4 c4 12. Nbd2 Bg4 13. h3 Bf5 14. g4 Be4 15. Nxe4 Nxe4 16. c3 Qd6 17. Ng5 Nxg5 18. Bxg5 f6 19. Bh4 Rae8 20. Qf3 Rxe1+ 21. Rxe1 Rd8 22. Bg3 Qd7 23. Qe2 Kf7 24. h4 Bf8 25. h5 a5 26. hxg6+ hxg6 27. b3 b5 28. a4 cxb3 29. axb5 Ne7 30. b6 a4 31. g5 a3 32. gxf6 Nf5 33. Bc7 Bd6 34. Bxd5+ Kxf6 35. Bxd8+ Qxd8 36. Bxb3 Kg7 37. Qe8 Qg5+ 38. Kf1 Qf4 39. Qg8+ Kh6 40. Bf7 Qg4 41. Qxg6+ Qxg6 42. Bxg6 Kxg6 43. Ra1 Ne7 44. c4 Bb4 45. d5 Kf6 46. b7 Bd6 47. Rxa3 Ke5 48. Ra8 Kd4 49. b8Q Bxb8 50. Rxb8 1-0

[Event "GER-ch Net blitz qual4"]
[Site "Playchess.com INT"]
[Date "2020.03.23"]
[Round "2"]
[White "Irkilmez, Yakub"]
[Black "Spieker, Hans Joachim"]
[Result "1-0"]
[WhiteElo "2167"]
[BlackElo "1829"]
[PlyCount "69"]
[EventDate "2020.03.23"]
[EventType "swiss (blitz)"]
[EventRounds "9"]
[EventCountry "GER"]
[SourceTitle "CBM 195 Extra"]
[Source "ChessBase"]
[SourceDate "2020.05.31"]
[SourceVersion "1"]
[SourceVersionDate "2020.05.31"]
[SourceQuality "1"]

1. d4 Nf6 2. Bf4 g6 3. e3 Bg7 4. Nf3 d5 5. Nbd2 Bf5 6. c3 c6 7. Qb3 Qb6 8. Be2 Nbd7 9. 0-0 Qxb3 10. axb3 a6 11. b4 Nb6 12. b5 0-0 13. bxc6 bxc6 14. b4 Nh5 15. Bc7 Nd7 16. Nh4 Nhf6 17. Nxf5 gxf5 18. Rxa6 Rxa6 19. Bxa6 Ne4 20. Nxe4 dxe4 21. Bb7 Nf6 22. c4 e6 23. Bd6 Rd8 24. c5 Nd5 25. Rb1 Nc3 26. Rb3 Nb5 27. Bg3 h5 28. h4 Bf6 29. Bxc6 Na7 30. b5 Rc8 31. Bb7 Rd8 32. b6 Nc8 33. Bxc8 Rxc8 34. b7 Rb8 35. Bxb8 1-0

[Event "GER-ch Net blitz qual4"]
[Site "Playchess.com INT"]
[Date "2020.03.23"]
[Round "6"]
[White "Kollars, Dmitrij"]
[Black "Irkilmez, Yakub"]
[Result "0-1"]
[WhiteElo "2592"]
[BlackElo "2167"]
[PlyCount "86"]
[EventDate "2020.03.23"]
[EventType "swiss (blitz)"]
[EventRounds "9"]
[EventCountry "GER"]
[SourceTitle "CBM 195 Extra"]
[Source "ChessBase"]
[SourceDate "2020.05.31"]
[SourceVersion "1"]
[SourceVersionDate "2020.05.31"]
[SourceQuality "1"]

1. e4 e6 2. d4 d5 3. Nd2 Nf6 4. e5 Nfd7 5. c3 c5 6. f4 Nc6 7. Ndf3 Qb6 8. h4 Be7 9. a3 a5 10. h5 h6 11. g4 f6 12. Bd3 fxe5 13. Bg6+ Kd8 14. dxe5 Rf8 15. Ne2 c4 16. Ned4 Nc5 17. 0-0 Kc7 18. Be3 Bd7 19. Rb1 a4 20. f5 exf5 21. gxf5 Rad8 22. Nc2 Bxf5 23. Nfd4 Bxg6 24. Ne6+ Kb8 25. Nxd8 Rxf1+ 26. Kxf1 Bd3+ 27. Kg1 Nxd8 28. Qd2 Nde6 29. Qf2 Bg5 30. Kh2 Qc7 31. Bd4 Ne4 32. Qf5 Nxd4 33. cxd4 Bxc2 34. Rf1 Bd3 35. Rf3 Qb6 36. Qf8+ Ka7 37. Qb4 Qxb4 38. axb4 Be2 39. Rf7 Bxh5 40. Rxg7 a3 41. bxa3 c3 42. Rc7 Kb6 43. Rc8 Bg4 0-1

[Event "GER-ch Net blitz qual3"]
[Site "Playchess.com INT"]
[Date "2020.03.21"]
[Round "3"]
[White "Irkilmez, Yakub"]
[Black "Siebrecht, Sebastian"]
[Result "1/2-1/2"]
[WhiteElo "2167"]
[BlackElo "2429"]
[PlyCount "117"]
[EventDate "2020.03.21"]
[EventType "swiss (blitz)"]
[EventRounds "9"]
[EventCountry "GER"]
[SourceTitle "CBM 195 Extra"]
[Source "ChessBase"]
[SourceDate "2020.05.31"]
[SourceVersion "1"]
[SourceVersionDate "2020.05.31"]
[SourceQuality "1"]

1. d4 g6 2. Bf4 Bg7 3. e3 d6 4. Nf3 Nd7 5. h3 e5 6. dxe5 dxe5 7. Bh2 Ne7 8. Nbd2 0-0 9. Bc4 a6 10. a4 b6 11. 0-0 Bb7 12. Qe2 Qe8 13. e4 Nc6 14. c3 Nc5 15. Rfd1 Ne6 16. Bd5 Nf4 17. Qe3 Bh6 18. Qe1 Rd8 19. Nc4 Bg7 20. Bxc6 Rxd1 21. Bxe8 Rxe1+ 22. Rxe1 Rxe8 23. Ncxe5 Bxe5 24. Nxe5 Rxe5 25. Bxf4 Rxe4 26. Rxe4 Bxe4 27. Bxc7 b5 28. axb5 axb5 29. f3 Bc2 30. Kf2 f6 31. Ke3 Kf7 32. Kd4 Ke6 33. Bd8 f5 34. Bg5 Bd1 35. h4 Be2 36. f4 Bf1 37. Kc5 Kd7 38. b3 Ke6 39. g3 Kd7 40. c4 bxc4 41. bxc4 Bg2 42. Kd4 Kd6 43. Bd8 Bc6 44. Bf6 Bf3 45. Be5+ Ke6 46. Kc5 Kd7 47. Kb6 Be4 48. c5 Bf3 49. Kb5 Be4 50. Kc4 Bc6 51. Bf6 Ke6 52. Bg5 Kd7 53. Kd4 Ke6 54. Ke3 Bb5 55. Kf3 Kd5 56. Be7 Ba4 57. Ke3 Bd1 58. Kd3 Ba4 59. Ke3 1/2-1/2

[Event "GER-ch Net blitz qual3"]
[Site "Playchess.com INT"]
[Date "2020.03.21"]
[Round "5"]
[White "Schulz, Karsten"]
[Black "Irkilmez, Yakub"]
[Result "1-0"]
[WhiteElo "2301"]
[BlackElo "2167"]
[PlyCount "103"]
[EventDate "2020.03.21"]
[EventType "swiss (blitz)"]
[EventRounds "9"]
[EventCountry "GER"]
[SourceTitle "CBM 195 Extra"]
[Source "ChessBase"]
[SourceDate "2020.05.31"]
[SourceVersion "1"]
[SourceVersionDate "2020.05.31"]
[SourceQuality "1"]

1. Nf3 Nf6 2. g3 g6 3. b3 Bg7 4. Bb2 0-0 5. Bg2 c5 6. c4 Nc6 7. 0-0 b6 8. d4 cxd4 9. Nxd4 Bb7 10. Nc3 Rc8 11. Rc1 Qc7 12. Nd5 Qd8 13. Nxf6+ Bxf6 14. Nxc6 Bxc6 15. Bxf6 exf6 16. Qd6 Bxg2 17. Kxg2 Rc6 18. Qd5 Re6 19. e3 Qc7 20. Rfd1 d6 21. Rd4 Rfe8 22. Rcd1 Qc5 23. Qf3 Kg7 24. Rd5 Qa3 25. R1d2 Rc8 26. Qf4 Rd8 27. h4 Qb4 28. Qd4 Rd7 29. Rb5 Qa3 30. Qb2 Qa6 31. h5 Re5 32. a4 Qb7+ 33. Kg1 d5 34. Qd4 Rxh5 35. Rxd5 Qc6 36. e4 Re7 37. Rxh5 gxh5 38. Qd5 Qe6 39. Qxe6 fxe6 40. Kg2 Kg6 41. Kf3 Kg5 42. Rd8 h4 43. Rg8+ Kh5 44. gxh4 Kxh4 45. Kf4 Kh5 46. Ke3 Kh6 47. b4 Rg7 48. Rxg7 Kxg7 49. c5 Kf7 50. cxb6 axb6 51. a5 Ke7 52. a6 1-0

[Event "GER-ch Net blitz qual2"]
[Site "Playchess.com INT"]
[Date "2020.03.16"]
[Round "8"]
[White "Irkilmez, Yakub"]
[Black "Buchenau, Frank"]
[Result "0-1"]
[WhiteElo "2167"]
[BlackElo "2272"]
[PlyCount "70"]
[EventDate "2020.03.16"]
[EventType "swiss (blitz)"]
[EventRounds "9"]
[EventCountry "GER"]
[SourceTitle "CBM 195 Extra"]
[Source "ChessBase"]
[SourceDate "2020.05.31"]
[SourceVersion "1"]
[SourceVersionDate "2020.05.31"]
[SourceQuality "1"]

1. d4 e6 2. Bf4 Nf6 3. e3 d5 4. Nf3 c5 5. c3 Nc6 6. Nbd2 Bd6 7. Bg3 0-0 8. Ne5 Qc7 9. f4 Ne7 10. Bh4 Nf5 11. Bf2 Ne4 12. Nxe4 dxe4 13. Be2 f6 14. Nc4 Be7 15. a4 b6 16. 0-0 Bb7 17. g4 Nd6 18. Bg3 cxd4 19. Nxd6 Bxd6 20. exd4 f5 21. Qd2 g5 22. gxf5 exf5 23. Qe3 Kh8 24. fxg5 f4 25. Bxf4 Bxf4 26. Qh3 Rg8 27. Kh1 Rxg5 28. Rg1 Rag8 29. Rxg5 Rxg5 30. Rf1 e3+ 31. Bf3 e2 32. Re1 Qc6 33. d5 Qxd5 34. Be4 Qxe4+ 35. Qf3 Qxf3# 0-1

[Event "GER-ch Net blitz qual2"]
[Site "Playchess.com INT"]
[Date "2020.03.16"]
[Round "5"]
[White "Meschke, Andreas"]
[Black "Irkilmez, Yakub"]
[Result "0-1"]
[WhiteElo "2069"]
[BlackElo "2167"]
[PlyCount "62"]
[EventDate "2020.03.16"]
[EventType "swiss (blitz)"]
[EventRounds "9"]
[EventCountry "GER"]
[SourceTitle "CBM 195 Extra"]
[Source "ChessBase"]
[SourceDate "2020.05.31"]
[SourceVersion "1"]
[SourceVersionDate "2020.05.31"]
[SourceQuality "1"]

1. e4 e6 2. d4 d5 3. Nc3 Nf6 4. Bg5 Bb4 5. e5 h6 6. exf6 hxg5 7. fxg7 Rg8 8. h4 gxh4 9. Qh5 Qf6 10. Rxh4 Qxg7 11. 0-0-0 Nc6 12. Nf3 Bd7 13. Ne5 Nxe5 14. Qxe5 0-0-0 15. Qxg7 Rxg7 16. g3 Be7 17. Rh2 Bg5+ 18. Kb1 a6 19. Bg2 Be7 20. Re1 Bd6 21. Reh1 c5 22. dxc5 Bxc5 23. Bf1 Bc6 24. Rh7 d4 25. Rxg7 dxc3 26. Bh3 Bxh1 27. bxc3 Ba3 28. Bg4 f5 29. Be2 Be4 30. Re7 Rd2 31. Rxe6 Rxe2 0-1